<?xml version="1.0" encoding="UTF-8"?>
<marc:record xmlns:marc="http://www.loc.gov/MARC21/slim">
   <marc:leader>00000nam a2200000 a 4500</marc:leader>
   <marc:datafield ind1="1" ind2=" " tag="100">
      <marc:subfield code="a">Fricke, Birgit</marc:subfield>
      <marc:subfield code="4">aut</marc:subfield>
      <marc:subfield code="e">Verfasser/-in</marc:subfield>
   </marc:datafield>
   <marc:datafield ind1=" " ind2=" " tag="653">
      <marc:subfield code="a">Antolin ab 9</marc:subfield>
   </marc:datafield>
   <marc:datafield ind1=" " ind2=" " tag="653">
      <marc:subfield code="a">Kelten</marc:subfield>
   </marc:datafield>
   <marc:datafield ind1="0" ind2="0" tag="245">
      <marc:subfield code="a">Die Kelten</marc:subfield>
   </marc:datafield>
   <marc:datafield ind1="0" ind2="0" tag="245">
      <marc:subfield code="b">; verborgene Welt der Barden und Druiden</marc:subfield>
   </marc:datafield>
   <marc:datafield ind1=" " ind2="1" tag="264">
      <marc:subfield code="b">Gerstenberg</marc:subfield>
      <marc:subfield code="c">2010</marc:subfield>
   </marc:datafield>
   <marc:datafield ind1="1" ind2=" " tag="520">
      <marc:subfield code="a">Die Erhabenen, die Tapferen, die Verborgenen die Bezeichnung »Keltoi« sagt viel aus über die fremden Stämme im Westen. Die Kelten haben nur wenig greifbare geschichtliche Zeugnisse hinterlassen, dafür aber umso reichere Mythen- und Kulturschätze. Kein Wunder, dass uns ihre geheimnisvolle Lebensweise bis in die heutige Zeit beschäftigt. Auch die junge Künstlerin Anne Bernhardi hat sich von den Kelten verzaubern lassen. Die geheimnisvolle Welt der Barden, Feen und Druiden, die großartige Handwerkskunst oder das Leben in den keltischen Dörfern und am Fürstenhof führt sie Lesern aller Altersklassen in diesem opulent ausgestatteten Band mit einer grandiosen Bildsprache vor Augen. Zusammen mit dem informativen, anschaulichen Text, in den die schönsten keltischen Mythen eingewoben sind, lässt dieses einzigartige Sachhausbuch die Zeit der Kelten wieder lebendig werden. Mit ausführlichem Glossar und einer Liste der schönsten Keltenmuseen.</marc:subfield>
   </marc:datafield>
   <marc:datafield ind1=" " ind2=" " tag="020">
      <marc:subfield code="a">9783836953238</marc:subfield>
      <marc:subfield code="9">9783836953238</marc:subfield>
   </marc:datafield>
</marc:record>
